| 000 | 01283nac a22002891u 4500 | ||
|---|---|---|---|
| 010 | _a 2005052255 | ||
| 020 | _a007252362X | ||
| 020 | _a9780072523621 | ||
| 035 | _a(OCoLC)ocm61204473 | ||
| 082 | 0 | 0 |
_a621.3815 _bN348 |
| 090 |
_c1951 _d1951 |
||
| 100 | _aNeamen, Donald A. | ||
| 245 | 1 | 0 |
_aMicroelectronics : _bcircuit analysis and design / _cDonald A. Neamen. |
| 246 | 3 | 0 | _aCircuit analysis and design |
| 250 | _a3rd ed. | ||
| 260 |
_aNew York : _bMcGraw-Hill,2007 _c2007. |
||
| 300 |
_axxi, 1370 p. : _bill. ; _c27 cm. |
||
| 500 | _aRev. ed. of: Electronic circuit analysis and design / Donald A. Neamen. 2001. | ||
| 504 | _aIncludes bibliographical references (p. 1335-1338) and index. | ||
| 650 | 0 | _aElectronic circuit design. | |
| 650 | 0 |
_aSemiconductors _xDesign and construction. |
|
| 650 | 0 | _aElectronic circuit design. | |
| 856 | 4 | 2 |
_3Publisher description _uhttp://www.loc.gov/catdir/enhancements/fy0668/2005052255-d.html |
| 856 | 4 | 2 |
_3Table of contents only _uhttp://www.loc.gov/catdir/enhancements/fy0668/2005052255-t.html |
| 942 |
_cBB _k621.3815 |
||
| 999 |
_c1951 _d1951 |
||